000 00461nam a2200145 4500
999 _c10116
_d10116
008 180801b ||||| |||| 00| 0 eng d
022 _a2094-8042
082 _aDPer 370.105 M72 Jan-Dec 2011 v59-60
100 _929895
_aCustodio, Serge R., Jr.
245 _aIhandog mo ang maghapon/
_cSerge R. Custodio, Jr.
260 _aPhilippines;
_bIn The Grade School, Inc.,
_cc2011.
300 _av59 n9, page 392;
_c27cm.
650 0 _929896
_aPoetry.
942 _2ddc
_cPER